| 000 | 00688nam a22002177a 4500 | ||
|---|---|---|---|
| 999 |
_c158670 _d158670 |
||
| 005 | 20181110160637.0 | ||
| 010 | _aENG-124473 | ||
| 020 |
_a9789353062460 _c649.00 |
||
| 035 | _aEN-108005 | ||
| 037 | _bDBAD/PUB | ||
| 082 | _a526.9 | ||
| 100 | _aKavanagh Barry F. | ||
| 245 |
_aSurveying: _bprinciples and applications / _cby Barry F. Kavanagh [and] Tom B. Mastin |
||
| 250 | _a9th ed. | ||
| 260 |
_aNew Delhi _bPearson _c2018 |
||
| 270 |
_a14 Local Shopping Centre, Panchsheel Park _bNew Delhi _e110017 |
||
| 300 |
_axi,575p. _c26cm. (pbk) _bill. |
||
| 500 | _aIt includes appendix A to H and Index | ||
| 700 | _aMastin, Tom B. | ||
| 942 |
_2ddc _cEN _h526.9 _mKAV |
||